| 000 | 00791nam a2200253Ia 4500 | ||
|---|---|---|---|
| 003 | OSt | ||
| 005 | 20220918165438.0 | ||
| 006 | a|||||r|||| 00| 0 | ||
| 007 | ta | ||
| 008 | 220917b |||||||| |||| 00| 0 eng d | ||
| 020 | _a76240516 (hbk) | ||
| 024 | _a30,973 | ||
| 037 | _cTextual | ||
| 040 |
_aARTS _cARTS _beng |
||
| 041 |
_2eng _aeng |
||
| 082 | _aU8:52wG54, N8.1-.2 | ||
| 100 |
_aPolo Ser Marco Ed. _924196 |
||
| 245 | 0 |
_aBook of Ser Marco Polo _b the venetian concerning the kingdoms and marvels of the east |
|
| 260 |
_aDelhji _bPilgrims Book _c1998 |
||
| 650 | _aGEOGRAPHY | ||
| 700 |
_a Yule Coloniel Henry tr and ed _924197 |
||
| 942 |
_hU8:52wG54, N8.1-.2 _cTEXL _2CC |
||
| 999 |
_c129797 _d129797 |
||